| 000 | 00917nam a22002537a 4500 | ||
|---|---|---|---|
| 001 | BRCA_9356 | ||
| 003 | FranzMayer | ||
| 005 | 20230918122355.0 | ||
| 008 | 230828b |||||||| |||| 00| 0 eng d | ||
| 040 |
_aMFM _besp _cMFM |
||
| 050 | 0 |
_aNB1180.M6 _bS64 |
|
| 110 | 1 |
_4Responsable _aSRE _929322 |
|
| 240 |
_aTrozos de barro _hHomenaje a Gorky González _lEspañol |
||
| 245 |
_aTrozos de barro _bHomenaje a Gorky González |
||
| 260 |
_aMéxico _bSRE |
||
| 300 |
_a1 v _bIlustraciones a color _c15 cm |
||
| 500 | _aAnexo 1 | ||
| 500 | _aEl libro no contiene muchos datos como ISBN, numeración, año de publicación, entre otros. | ||
| 505 | _aTexto en: españolDirigido a: artistas y artesanos mexicanos | ||
| 650 | 1 |
_2Escultura _aEscultura en materiales especiales _vBarro _929323 |
|
| 651 | 2 |
_2Barro _aBarro mexicano _vArte de México _929324 |
|
| 700 | 1 |
_4Fot _aCaparroso, Ángela _929325 |
|
| 942 |
_2lcc _cB |
||
| 999 |
_c10978 _d10978 |
||